| 000 | 00905nam a2200229 a 4500 | ||
|---|---|---|---|
| 005 | 20070209063634.0 | ||
| 008 | 060905s2006 ii b b 001 0 eng | ||
| 010 | _aENG-93444 | ||
| 020 |
_a8188683752 _c750.00 |
||
| 035 | _aEN-76977 | ||
| 037 | _bDBAD / PUB | ||
| 040 |
_adpl _bEnglish |
||
| 082 | _a338.4791 | ||
| 245 |
_aAdvancements in tourism theory and practice: _cedited by Babu P. George [and] Sampad Kumar Swain _bperspectives from India / |
||
| 260 |
_aDelhi _bAbhijeet Publications _c2005 |
||
| 270 |
_a2/46 Tukhmeerpur Extension _bDelhi _e110094 |
||
| 300 |
_axviii, 294p. _c22cm (Hb) |
||
| 700 | _aGeorge, Babu P. | ||
| 700 | _aSwain, Sampad Kumar | ||
| 942 |
_2ddc _cEN _mADV _h338.4791 |
||
| 999 |
_c26134 _d26134 |
||